Nechcem byť Michalom Kováčom č. 2

Bibliographic Details
Main Authors: Kapusta, Pavel (ain), Mečiar, Vladimír, 1942- (Author, uin)
Format: Article
Language:Slovak
PhysicalDescription:Fotogr.
Subjects:

MARC

LEADER 00000nab a2200000 a 4500
001 vtls000698123
003 SK-MaSNL
005 20260302181125.0
008 180205c1999 xo 0 slo
015 |a SNBRB1999/06-18163 
035 |a CLN000050290 
040 |a SNKBUCL  |b slo  |c SNKBUCL  |e AACR2 
041 0 |a slo 
044 |a xo  |c SK 
080 |a 32-051  |2 UDC-MRF-SK2 
100 1 |a Kapusta, Pavel  |4 ain  |9 265928 
245 1 0 |a Nechcem byť Michalom Kováčom č. 2  |c Pavel Kapusta, Vladimír Mečiar 
300 |b Fotogr. 
600 1 7 |a Mečiar, Vladimír,  |d 1942-  |2 snkbucl  |9 10144 
655 7 |a články z novín a časopisov  |2 snkbucl  |9 267496 
700 1 |a Mečiar, Vladimír,  |d 1942-  |4 aut  |4 uin  |9 10144 
773 0 |t Extra  |g Roč. 8, č. 19 (1999), s. 8-9 
850 |a Slovenská národná knižnica v Martine 
852 |a SNK  |b KIS3GCP 
958 |a RBX 
999 |c 1413007  |d 1414937